Normal view
MARC view
- Waqas Bukhari
Entry Personal Name
001 - CONTROL NUMBER
- control field: 92837
003 - CONTROL NUMBER IDENTIFIER
- control field: NUST
005 - DATE AND TIME OF LATEST TRANSACTION
- control field: 20220704191546.0
008 - FIXED-LENGTH DATA ELEMENTS
- fixed length control field: 220704|| aca||aabn | a|a d
040 ## - CATALOGING SOURCE
- Original cataloging agency: NUST
- Transcribing agency: NUST
100 ## - HEADING--PERSONAL NAME
- Personal name: Waqas Bukhari
670 ## - SOURCE DATA FOUND
- Source citation: Work cat.: (NUST)9193: Waqas Bukhari, Design and Optimization of Cooperative Diversity in wireless Sensor Networks, 2007.
